| 000 | 00409cam a2200169ua 4500 | ||
|---|---|---|---|
| 020 | _c210.00 | ||
| 041 |
_aeng _h |
||
| 082 |
_a604.2 _bBAP/EN |
||
| 100 | _aBapat, A R . | ||
| 245 |
_aEngineering graphics / _cA.R Bapat. _hTextual Documents |
||
| 260 |
_aMumbai : _bAllied Publishers Pvt Ltd , _c2004. |
||
| 300 | _a ; . | ||
| 365 | _a210.00 | ||
| 504 | _a | ||
| 942 | _cBK | ||
| 999 |
_c13410 _d13410 |
||